00849naa#a2200181#i#4500001001600000005001700016011001400033100004100047102000700088200020200095210011900297215001000416608004500426675005400471700006600525700005200591856002400643RU\\bibl\12105820260430140829.4##a2073-0454##a20251015b2025####ek#y0rusy0150####ca##aRU1#aГражданский процессуальный кодекс Российской Федерации. Что не так с названием кодекса?eЖурнальная статья1#aМоскваcМосковский университет МВД России имени В.Я. Кикотяd2025##a7 с.##aЖурнальная статья2local##aПраво. Юридические науки. 34#1aПанкратовgВладимир Владимирович#1aМазуровgИгорь Евгеньевич4#amosumvd.editorum.ru